| 000 | 01489cam a2200301 i 4500 | ||
|---|---|---|---|
| 003 | OSt | ||
| 005 | 20210209203058.0 | ||
| 008 | 160517s2013 ck ao gr 000 0dspa d | ||
| 020 | _a9789585776838 | ||
| 040 |
_aCO-JMCR _cCO-JMCR |
||
| 041 | 0 | _aspa | |
| 082 | 0 | 4 |
_a304.80986 / _bV648d _223 |
| 100 | 1 |
_aVidal López, Roberto, _eautor _98642 |
|
| 245 | 1 | 0 |
_aDesplazamiento forzado y construcción de paz en Colombia, 2011-2012 / _cRoberto Vidal, Jorge Salcedo, Adriana Medina ; fotografías, Manuel Sánchez y Jorge Arturo Salcedo R. |
| 260 |
_aBogotá : _bCODHES Consultoría para los Derechos Humanos y el Desplazamiento _c2013 |
||
| 300 |
_a109 páginas : , _bilustraciones, fotografías a color ; _c24 cm. |
||
| 500 | _aIncluye datos biográficos de los autores al final del texto [111] | ||
| 504 | _aBibliografía: páginas 105-109 | ||
| 505 | _apropuestas y visiones de paz para la superación del desplazamiento forzado -- Principales hechos de la coyuntura del desplazamiento y la paz agosto 2010-septiembre de 2012 -- El diálogo político sobre la relación entre el desplazamiento y la paz | ||
| 650 | 2 | 4 |
_aDesplazados internos _zColombia. _98643 |
| 650 | 2 | 4 |
_aMigración forzada _zColombia. _98644 |
| 650 | 2 | 4 |
_aConstrucción de paz _zColombia. _98645 |
| 700 | 1 |
_aSalcedo, Jorge, _eautor _98646 |
|
| 700 | 1 |
_aMedina, Adriana, _98647 _eautora |
|
| 700 | 1 |
_aSánchez, Manuel, _efotógrafo _98648 |
|
| 700 | 1 |
_aSalcedo R., Jorge Arturo, _efotógrafo _913219 |
|
| 942 |
_2ddc _cBK |
||
| 999 |
_c7143 _d7143 |
||